| 000 | 00745nam a22002417a 4500 | ||
|---|---|---|---|
| 999 |
_c5706 _d5706 |
||
| 003 | OSt | ||
| 005 | 20251015154739.0 | ||
| 008 | 251015b ||||| |||| 00| 0 eng d | ||
| 020 |
_a9781474927802 _qbook set |
||
| 040 | _cKH8 | ||
| 082 | _aFIC BAL | ||
| 100 |
_aBall, Karen, _eauthor. |
||
| 245 |
_aPompeii / _cKaren Ball ; illustrated by Emmanuel Cerisier. |
||
| 260 |
_aEngland ; _bUsborne Publishing Ltd , _c2006. |
||
| 300 |
_a64 pages : _bcolor illustrations ; _c20 cm. |
||
| 490 |
_aUsborne Young Reading _vseries three |
||
| 650 |
_aEasy reading _vfiction |
||
| 650 |
_aStory book _vfiction |
||
| 700 |
_aCerisier, Emmanuel, _eillustrator. |
||
| 700 |
_aChisholm, Jane, _eeditor. |
||
| 830 | _aUsborne Young Reading | ||
| 942 |
_2ddc _cFIC |
||